|
|
|
|
| LEADER |
02201nam a2200457 a 4500 |
| 001 |
EBC3117831 |
| 003 |
MiAaPQ |
| 005 |
20200520144314.0 |
| 006 |
m o d | |
| 007 |
cr cn||||||||| |
| 008 |
100504s2011 nyua sb 001 0 eng d |
| 010 |
|
|
|z 2010017678
|
| 020 |
|
|
|z 9780895034007 (cloth : alk. paper)
|
| 020 |
|
|
|a 9780895034533 (electronic bk.)
|
| 020 |
|
|
|a 9780895034533 (electronic bk.)
|
| 035 |
|
|
|a (MiAaPQ)EBC3117831
|
| 035 |
|
|
|a (Au-PeEL)EBL3117831
|
| 035 |
|
|
|a (CaPaEBR)ebr10613414
|
| 035 |
|
|
|a (CaONFJC)MIL997607
|
| 035 |
|
|
|a (OCoLC)814705864
|
| 040 |
|
|
|a MiAaPQ
|c MiAaPQ
|d MiAaPQ
|
| 050 |
|
4 |
|a HF5825
|b .C76 2011
|
| 082 |
0 |
4 |
|a 659.1
|2 22
|
| 100 |
1 |
|
|a Cross, Geoffrey A.
|
| 245 |
1 |
0 |
|a Envisioning collaboration
|h [electronic resource] :
|b group verbal-visual composing in a system of creativity /
|c Geoffrey A. Cross.
|
| 260 |
|
|
|a Amityville, N.Y. :
|b Baywood Pub. Co.,
|c c2011.
|
| 300 |
|
|
|a xii, 251 p. :
|b ill.
|
| 490 |
1 |
|
|a Baywood's technical communications series
|
| 504 |
|
|
|a Includes bibliographical references (p. 229-238) and index.
|
| 505 |
0 |
|
|a Introductory framework and overview -- Ping-pong, part I: collaborative brainstorming of an insight-intensive team -- Ping-pong, part II: development, elaboration, and evaluation of concepts by an insight-intensive team -- "We had one idea that we liked a lot": the invention of a preparation- and evaluation-intensive team -- Less divergence than convergence: analysis of a preparation- and evaluation-intensive team's invention and the end of the hunt -- Collaboration envisioned.
|
| 533 |
|
|
|a Electronic reproduction. Ann Arbor, MI : ProQuest, 2015. Available via World Wide Web. Access may be limited to ProQuest affiliated libraries.
|
| 650 |
|
0 |
|a Advertising copy.
|
| 650 |
|
0 |
|a Communication of technical information.
|
| 650 |
|
0 |
|a Visual communication.
|
| 650 |
|
0 |
|a Creative thinking.
|
| 650 |
|
0 |
|a Teams in the workplace.
|
| 650 |
|
0 |
|a Rhetoric.
|
| 655 |
|
4 |
|a Electronic books.
|
| 710 |
2 |
|
|a ProQuest (Firm)
|
| 830 |
|
0 |
|a Baywood's technical communications series (Unnumbered)
|
| 856 |
4 |
0 |
|u https://ebookcentral.proquest.com/lib/matrademy/detail.action?docID=3117831
|z Click to View
|